00283nam a2200121Ia 4500003000400000005001700004008004100021020001900062040002000081100001900101245002300120260001800143OSt20240223141729.0170524s9999 xx 000 0 und d a978-0131275553 cIIMT UNIVERSITY aCaughlan Annet 0aMarketing Channels aNew Delhi PHI